Nevšedný zjav

Bibliographic Details
Main Author: Moza, Ľuboslav, 1952- (Author)
Format: Article
Language:Slovak
PhysicalDescription:Obr. 5.
Subjects:

MARC

LEADER 00000nab a2200000 a 4500
001 vtls000151979
003 SK-MaSNL
005 20260303182030.0
008 160215c1983 xo 0 slo
015 |a SNBRB19rr/mm-uuuuu 
035 |a CL0162086 
040 |a SNKBUCL  |b slo  |c SNKBUCL  |e AACR2 
041 0 |a slo 
044 |a xo  |c SK 
080 |a 75.071.1  |2 1981 
080 |a 929 Kállay, Dušan  |2 1981 
100 1 |a Moza, Ľuboslav,  |d 1952-  |4 aut  |9 227470 
245 1 0 |a Nevšedný zjav  |c Ľuboslav Moza 
300 |b Obr. 5. 
600 1 7 |a Kállay, Dušan,  |d 1948-  |2 snkbucl  |9 93799 
655 7 |a články z novín a časopisov  |2 snkbucl  |9 267496 
773 0 |t Príroda a spoločnosť  |g Roč. 32, č. 6 (1983), s. 48-51 
850 |a Slovenská národná knižnica v Martine  |a MTA001 
852 |a SNK  |b KIS3GCP 
958 |a BX 
958 |a RK 
992 |a RBX 
999 |c 2115367  |d 2117297